000 00640cam a2200229 4500500
005 20260329005218.0
041 _afre
042 _adc
100 1 0 _aLarmagnac-Matheron, Octave
_eauthor
245 0 0 _a“4 020”
260 _c2022.
500 _a78
690 _aArnaud Esquerre
690 _aComplotisme
690 _aManipulation
690 _aReligion
690 _aSanté
690 _aSecte
690 _aSpiritualité
786 0 _nPhilosophie magazine | 165 | 12 | 2022-12-01 | p. 7-7 | 1951-1787
856 4 1 _uhttps://shs.cairn.info/magazine-philosophie-magazine-2022-12-page-7?lang=fr&redirect-ssocas=7080
999 _c1841373
_d1841373